000 00876nam a2200241Ia 4500
003 GCL
005 20240530103820.0
008 140319s1995 jo a g b 000 0 ara d
040 _aGCL /
_cGCL
082 0 4 _a658.2
_bك ت
100 0 _aكامل محمد المغربى
245 1 2 _aالتنظيم الصناعى و العملية الانتاجية :
_bمفاهيم الادارة الصناعية /
_cتاليف كامل محمد المغربى
250 _aالاولى
260 _aعمان :
_bدار الفكر ؛
_c1995.
300 _a400 ص. :
_bايض ؛
_c24 سم.
490 _aكتاب
_v0
504 _aيشتمل على ارجاعات ببليوجرافية
650 0 7 _2qrmak
_aادارة الاعمال
650 0 7 _2qrmak
_aالصناعات
650 0 7 _2qrmak
_aالصناعة
650 0 7 _2qrmak
_aالادارة الصناعية
942 _2ddc
_cBK
999 _c42706
_d42706